<?xml version="1.0" encoding="UTF-8"?>
<collection xmlns="http://www.loc.gov/MARC21/slim">
    <record>
        <controlfield tag="001">32188</controlfield>
        <controlfield tag="005">20170504094306.0</controlfield>
        <datafield tag="024" ind1="7" ind2=" ">
            <subfield code="2">doi</subfield>
            <subfield code="a">10.1155/2014/905129</subfield>
        </datafield>
        <datafield tag="024" ind1="8" ind2=" ">
            <subfield code="2">sideral</subfield>
            <subfield code="a">86583</subfield>
        </datafield>
        <datafield tag="037" ind1=" " ind2=" ">
            <subfield code="a">ART-2014-86583</subfield>
        </datafield>
        <datafield tag="041" ind1=" " ind2=" ">
            <subfield code="a">eng</subfield>
        </datafield>
        <datafield tag="100" ind1=" " ind2=" ">
            <subfield code="0">(orcid)0000-0002-9325-9964</subfield>
            <subfield code="a">Del Buey, M.A.</subfield>
        </datafield>
        <datafield tag="245" ind1=" " ind2=" ">
            <subfield code="a">Assessment of corneal biomechanical properties and intraocular pressure in myopic Spanish healthy population</subfield>
        </datafield>
        <datafield tag="260" ind1=" " ind2=" ">
            <subfield code="c">2014</subfield>
        </datafield>
        <datafield tag="506" ind1="0" ind2=" ">
            <subfield code="a">Access copy available to the general public</subfield>
            <subfield code="f">Unrestricted</subfield>
        </datafield>
        <datafield tag="520" ind1="3" ind2=" ">
            <subfield code="a">Purpose. To examine biomechanical parameters of the cornea in myopic eyes and their relationship with the degree of myopia in a western healthy population. Methods. Corneal hysteresis (CH), corneal resistance factor (CRF), Goldmann correlated intraocular pressure (IOP), and corneal compensated IOP (IOPcc) were measured using the ocular response analyzer (ORA) in 312 eyes of 177 Spanish subjects aged between 20 and 56 years. Refraction was expressed as spherical equivalent (SE), which ranged from 0 to -16.50 diopters (D) (mean: -3.88 ± 2.90 D). Subjects were divided into four groups according to their refractive status: group 1 or control group: emmetropia (-0.50 = SE &lt; 0.50); group 2: low myopia (-0.75 = SE &lt; 3.00 D); group 3: moderate myopia (-3.00 = SE = -6.00D); and group 3: high myopia (SE greater than -6.00D). We analyzed the relationship between corneal biomechanicsmeasuredwithORAand SE. Results. CHin the emmetropia, lowmyopia,moderatemyopia, and highmyopia groups was 11.13 ± 0.98, 11.49 ± 1.25, 10.52 ± 1.54, and 10.35 ± 1.33mmHg, respectively. CH in the highly myopic group was significantly lower than that in the emmetropic group (¿ = 0.07) and low myopic group (¿ = 0.035); however, there were no differences with the moderate myopic group (¿ = 0.872). There were no statistically significant differences regarding IOP among the four groups (¿ > 0.05); nevertheless, IOPcc was significantly higher in the moderatelymyopic (15.47±2.47mmHg) and highlymyopic (16.14± 2.59mmHg) groups than in the emmetropia (15.15 ± 2.06mmHg) and low myopia groups (14.53 ± 2.37mmHg). No correlation between age and the measured parameters was found. CH and IOPcc were weakly but significantly correlated with SE (¿ = 0.171, ¿ = 0.002 and ¿ = -0.131, ¿ = 0.021, resp.). Conclusions. Present study showed only a very weak, but significant, correlation between CHand refractive error, with CH being lower in both moderately and highlymyopic eyes than that in the emmetropic and low myopic eyes.These changes in biomechanical properties of the cornea may have an impact on IOP measurement, increasing the risk of glaucoma</subfield>
        </datafield>
        <datafield tag="540" ind1=" " ind2=" ">
            <subfield code="9">info:eu-repo/semantics/openAccess</subfield>
            <subfield code="a">by-nc-nd</subfield>
            <subfield code="u">http://creativecommons.org/licenses/by-nc-nd/3.0/es/</subfield>
        </datafield>
        <datafield tag="590" ind1=" " ind2=" ">
            <subfield code="a">1.425</subfield>
            <subfield code="b">2014</subfield>
        </datafield>
        <datafield tag="591" ind1=" " ind2=" ">
            <subfield code="a">OPHTHALMOLOGY</subfield>
            <subfield code="b">37 / 57 = 0.649</subfield>
            <subfield code="c">2014</subfield>
            <subfield code="d">Q3</subfield>
            <subfield code="e">T2</subfield>
        </datafield>
        <datafield tag="591" ind1=" " ind2=" ">
            <subfield code="a">MEDICINE, RESEARCH &amp; EXPERIMENTAL</subfield>
            <subfield code="b">92 / 123 = 0.748</subfield>
            <subfield code="c">2014</subfield>
            <subfield code="d">Q3</subfield>
            <subfield code="e">T3</subfield>
        </datafield>
        <datafield tag="655" ind1=" " ind2="4">
            <subfield code="a">info:eu-repo/semantics/article</subfield>
            <subfield code="v">info:eu-repo/semantics/publishedVersion</subfield>
        </datafield>
        <datafield tag="700" ind1=" " ind2=" ">
            <subfield code="a">Lavilla, L.</subfield>
        </datafield>
        <datafield tag="700" ind1=" " ind2=" ">
            <subfield code="0">(orcid)0000-0001-9876-5850</subfield>
            <subfield code="a">Ascaso, F.J.</subfield>
            <subfield code="u">Universidad de Zaragoza</subfield>
        </datafield>
        <datafield tag="700" ind1=" " ind2=" ">
            <subfield code="0">(orcid)0000-0002-2959-0628</subfield>
            <subfield code="a">Lanchares, E.</subfield>
            <subfield code="u">Universidad de Zaragoza</subfield>
        </datafield>
        <datafield tag="700" ind1=" " ind2=" ">
            <subfield code="a">Huerva, V.</subfield>
        </datafield>
        <datafield tag="700" ind1=" " ind2=" ">
            <subfield code="a">Cristóbal, J.A.</subfield>
            <subfield code="u">Universidad de Zaragoza</subfield>
        </datafield>
        <datafield tag="710" ind1="2" ind2=" ">
            <subfield code="1">1004</subfield>
            <subfield code="2">646</subfield>
            <subfield code="a">Universidad de Zaragoza</subfield>
            <subfield code="b">Departamento de Cirugía, Ginecología y Obstetricia</subfield>
            <subfield code="c">Oftalmología</subfield>
        </datafield>
        <datafield tag="710" ind1="2" ind2=" ">
            <subfield code="1">5004</subfield>
            <subfield code="2">605</subfield>
            <subfield code="a">Universidad de Zaragoza</subfield>
            <subfield code="b">Departamento de Ingeniería Mecánica</subfield>
            <subfield code="c">Mec. de Medios Contínuos y Teor. de Estructuras</subfield>
        </datafield>
        <datafield tag="773" ind1=" " ind2=" ">
            <subfield code="g">2014 (2014), 905129 [6 pp.]</subfield>
            <subfield code="p">J. Ophthalmol.</subfield>
            <subfield code="t">Journal of Ophthalmology</subfield>
            <subfield code="x">2090-004X</subfield>
        </datafield>
        <datafield tag="856" ind1="4" ind2=" ">
            <subfield code="s">2035596</subfield>
            <subfield code="u">http://zaguan.unizar.es/record/32188/files/texto_completo.pdf</subfield>
            <subfield code="y">Versión publicada</subfield>
        </datafield>
        <datafield tag="856" ind1="4" ind2=" ">
            <subfield code="s">98864</subfield>
            <subfield code="u">http://zaguan.unizar.es/record/32188/files/texto_completo.jpg?subformat=icon</subfield>
            <subfield code="x">icon</subfield>
            <subfield code="y">Versión publicada</subfield>
        </datafield>
        <datafield tag="909" ind1="C" ind2="O">
            <subfield code="o">oai:zaguan.unizar.es:32188</subfield>
            <subfield code="p">articulos</subfield>
            <subfield code="p">driver</subfield>
        </datafield>
        <datafield tag="951" ind1=" " ind2=" ">
            <subfield code="a">2017-05-04-09:41:37</subfield>
        </datafield>
        <datafield tag="980" ind1=" " ind2=" ">
            <subfield code="a">ARTICLE</subfield>
        </datafield>
    </record>

    
</collection>